00470cam a2200181ua 45000010005000000080039000050200015000440400009000590410008000680820008000761000027000842450066001112500009001772600048001863000017002346530018002516530019002696962141117n ii |||gr||||Z||||||eng a0198079788 cMAIN aeng a305 aDas, Gurudas,eAuthor.1 aSecurity and development in India`s northeastcBy Gurudas Das a1st. aNew Delhi:bOxford university press,c2012. axxviii,181p. aSocial groups aTribal Studies